Online Catalogue and eLibrary

Shifting sands : (Record no. 5870)

MARC details
000 -LEADER
fixed length control field 00666cam a2200217 a 4500
001 - CONTROL NUMBER
control field 12019511
005 - DATE AND TIME OF LATEST TRANSACTION
control field 20240401052344.0
008 - FIXED-LENGTH DATA ELEMENTS--GENERAL INFORMATION
fixed length control field 000324s2000 ii b 001 0 eng
020 ## - INTERNATIONAL STANDARD BOOK NUMBER
ISBN 8185604401
040 ## - CATALOGING SOURCE (பட்டியலாக்க மூலம்)
Original cataloging agency DLC
Transcribing agency DLC
Modifying agency DLC
082 ## - DDC Classification
DDC Edition Number 22
Class No. 330.
Item Number - Author Mark 4230.
245 00 - TITLE STATEMENT
Title Shifting sands :
Remainder of title women's lives and globalization /
Statement of responsibility, etc. Centre for Women's Development Studies.
260 ## - PUBLICATION, DISTRIBUTION, ETC.
Place of publication, distribution, etc. Calcutta :
Name of publisher, distributor, etc. Stree ;
Place of publication, distribution, etc. Mumbai :
Name of publisher, distributor, etc. Distributed by Popular Prakashan,
Date of publication, distribution, etc. 2000.
300 ## - PHYSICAL DESCRIPTION
Extent (e.g. Volumes, Pages etc.) xiv, 326 p. ;
650 #0 - SUBJECT ADDED ENTRY--TOPICAL TERM
Topical term or geographic name entry element Women
650 #0 - SUBJECT ADDED ENTRY--TOPICAL TERM
Topical term or geographic name entry element Women's rights
650 #0 - SUBJECT ADDED ENTRY--TOPICAL TERM
Topical term or geographic name entry element Globalization.
650 #0 - SUBJECT ADDED ENTRY--TOPICAL TERM
Topical term or geographic name entry element Social change
700 ## - ADDED ENTRY--PERSONAL NAME
Personal name Centre for women's development studies .
Relator term (Role) Editor
942 ## - Koha item type (Biblio)
Koha item type Books in Stacks (Lending)

No items available.

© WERC Library